header

Immunization safety review (Record no. 58100)

MARC details
000 -LEADER
fixed length control field 01540nam a2200361Ia 4500
245 00 - TITLE STATEMENT
Title Immunization safety review
260 ## - PUBLICATION, DISTRIBUTION, ETC. (IMPRINT)
Place of publication Washington, D.C. :
Name of publisher National Academy Press,
Year of publication c2001.
300 ## - PHYSICAL DESCRIPTION
Number of Pages xv, 86 p. :
Other physical details ill.
490 1# - SERIES STATEMENT
Series statement Compass series
650 #0 - SUBJECT ADDED ENTRY--TOPICAL TERM
Topical Term Vaccination
Topical Term Immunization
Topical Term Autism.
700 1# - ADDED ENTRY--PERSONAL NAME
Personal name Stratton, Kathleen R.
856 40 - ELECTRONIC LOCATION AND ACCESS
Uniform Resource Identifier http://site.ebrary.com/lib/rucke/Doc?id=10038809

No items available.

© 2026 Rongo University
Contact us: librarian | system librarian | Rongo university